000 00243nam a2200097Ia 4500
001 719824
005 20250826163220.0
008 250824s9999 xx 000 0 und d
245 0 _aBİR YUMAK MUTLULUK
_cDEBBIE MACOMBER
260 _bMARTI YAYINLARI
999 _c719824
_d719824